000 00346 a2200157 4500
001 155641
040 _cEscola São Tomás de Aquino
100 _aCORDI, Cassiano
240 1 0 _aPara filosofar
_lpor
245 1 0 _aPara filosofar
300 _a328
362 0 _a2007
440 1 _aScipione
697 _aFILOSOFIA E PSICOLOGIA
942 _cBK
999 _c155641
_d155641